Organizácia a technika služieb cestovného ruchu praktikum

Salvato in:
Dettagli Bibliografici
Autore principale: Orieška, Ján
Ente Autore: Vysoká škola ekonomická v Bratislave. Fakulta ekonomiky služieb a cestovného ruchu v Banskej Bystrici
Natura: Libro
Lingua:slovacco
Pubblicazione: Bratislava Vysoká škola ekonomická 1985
Tags: Aggiungi Tag
Nessun Tag, puoi essere il primo ad aggiungerne!!

MARC

LEADER 00000nam a2200000 4500
001 c109267
005 20190109130425.6
041 0 |a slo 
044 |a SK 
245 1 0 |a Organizácia a technika služieb cestovného ruchu  |b praktikum  |c Ján Orieška 
264 1 |a Bratislava  |b Vysoká škola ekonomická  |c 1985 
300 |a 239 s. 
100 1 |a Orieška, Ján 
710 2 |a Vysoká škola ekonomická v Bratislave. Fakulta ekonomiky služieb a cestovného ruchu v Banskej Bystrici